000
00223nam a22000857a 4500
008
170119b xxu||||| |||| 00| 0 eng d
100
_9
2491
_a
Cutts.M.
245
_a
Oxford guide to Plain English
260
_a
New Delhi
_b
Oxford
_c
2011
999
_c
5557
_d
5557